இஸ்லாமும் இன்னிசையும் (Record no. 1007)

MARC details
000 -LEADER
fixed length control field 005620000a22001930004500
003 - CONTROL NUMBER IDENTIFIER
control field LK-CoMWRAF
005 - DATE AND TIME OF LATEST TRANSACTION
control field 20240216121922.0
008 - FIXED-LENGTH DATA ELEMENTS--GENERAL INFORMATION
fixed length control field 230817t1966 ||||| |||| 00| 0 eng d
040 ## - CATALOGING SOURCE
Original cataloging agency LK-CoMWRAF
Modifying agency LK-CoMWRAF
Description conventions LK-CoMWRAF
041 ## - LANGUAGE CODE
Language code of text/sound track or separate title Tamil
082 ## - DEWEY DECIMAL CLASSIFICATION NUMBER
Item number GAZ
942 ## - ADDED ENTRY ELEMENTS (KOHA)
Koha item type Books
100 ## - MAIN ENTRY--PERSONAL NAME
Personal name கஸ்ஸாலி, இமாம்
Personal name (Transliterated) Gazzali, Imaam
700 ## - ADDED ENTRY--PERSONAL NAME
Personal name மு.முஹம்மது
Relator Term translator
245 ## - TITLE STATEMENT
Title இஸ்லாமும் இன்னிசையும்
246 ## - VARYING FORM OF TITLE
Title proper/short title Islamum Innisaiyum
260 ## - PUBLICATION, DISTRIBUTION, ETC. (IMPRINT)
Place of publication, distribution, etc. Chennai:
Date of publication, distribution, etc. 1966
300 ## - PHYSICAL DESCRIPTION
Extent 119 p.
Holdings
Withdrawn status Lost status Damaged status Not for loan Permanent Location Current Location Date acquired Full call number Barcode Koha item type
        Resource center, Muslim Women's Research And Action Forum Resource center, Muslim Women's Research And Action Forum 2023-08-17 GAZ RAF5027 Books

Copyright © 2023 Muslim Women's Research and Action Forum (MWRAF), No 27/3, Anderson Road, Kalubowila, Dehiwela. Funded by The Asia Fundation